[Event "Madrid-chT 1415"]
[Site "Madrid"]
[Date "2015.02.22"]
[Round "11.15"]
[White "Barez Menendez, Hector"]
[Black "Rodrigo Yanguas, Maria"]
[Result "1/2-1/2"]
[WhiteElo "2144"]
[BlackElo "2184"]
[PlyCount "62"]
[EventDate "2014.11.23"]
[EventType "team-tourn"]
[EventRounds "14"]
[EventCountry "ESP"]
[SourceTitle "EXT 2016"]
[Source "ChessBase"]
[SourceDate "2015.10.08"]
[SourceVersion "1"]
[SourceVersionDate "2015.10.08"]
[SourceQuality "1"]
[WhiteTeam "Pueblo Nuevo"]
[BlackTeam "Virgen de Atocha"]
[WhiteTeamCountry "ESP"]
[BlackTeamCountry "ESP"]

1. d4 e6 2. Nf3 b6 3. g3 Bb7 4. Bg2 Nf6 5. 0-0 d5 6. c4 Bd6 7. Nc3 a6 8. Ne5 Nbd7 9. cxd5 Nxd5 10. Nxd5 exd5 11. Nc4 Be7 12. Ne3 Nf6 13. Nf5 0-0 14. Nxe7+ Qxe7 15. Bg5 h6 16. Bxf6 Qxf6 17. Rc1 c6 18. Qb3 Qxd4 19. Rfd1 Qe5 20. Qxb6 Rab8 21. Rc2 Rfe8 22. b3 Re6 23. e3 Bc8 24. Qd4 Qh5 25. Rdc1 Bb7 26. Rc5 Rbe8 27. Qd1 Qg6 28. h4 Rf6 29. Qc2 Qg4 30. Qd1 Qg6 31. Qc2 Qg4 1/2-1/2

[Event "Madrid-chT 1415"]
[Site "Madrid"]
[Date "2015.02.15"]
[Round "10.4"]
[White "Bermejo Arruego, Luis"]
[Black "Barez Menendez, Hector"]
[Result "1-0"]
[WhiteElo "2174"]
[BlackElo "2144"]
[PlyCount "95"]
[EventDate "2014.11.23"]
[EventType "team-tourn"]
[EventRounds "14"]
[EventCountry "ESP"]
[SourceTitle "EXT 2016"]
[Source "ChessBase"]
[SourceDate "2015.10.08"]
[SourceVersion "1"]
[SourceVersionDate "2015.10.08"]
[SourceQuality "1"]
[WhiteTeam "Collado Villalba"]
[BlackTeam "Pueblo Nuevo"]
[WhiteTeamCountry "ESP"]
[BlackTeamCountry "ESP"]

1. e4 e5 2. Nf3 Nf6 3. Nc3 Nc6 4. d4 Bb4 5. Nxe5 Nxe4 6. Qd3 Nxc3 7. bxc3 Ba5 8. Nc4 0-0 9. Nxa5 Nxa5 10. Be2 d5 11. 0-0 Nc4 12. Qf3 Be6 13. Bd3 Qd7 14. Qh5 f5 15. Re1 Rfe8 16. Bf4 Nd6 17. Rab1 Bf7 18. Rxe8+ Rxe8 19. Qf3 g6 20. Be5 b6 21. Qf4 Rc8 22. h4 Nc4 23. Bxc4 dxc4 24. Qg5 Qd8 25. Bf6 h6 26. Bxd8 hxg5 27. Bxg5 Re8 28. Kf1 Bd5 29. f3 Kf7 30. Kf2 c6 31. Bf4 Rh8 32. Kg3 Re8 33. Be5 Re7 34. Kf4 b5 35. Re1 a5 36. a3 Ra7 37. Kg5 Be6 38. g4 b4 39. cxb4 axb4 40. axb4 Ra2 41. h5 gxh5 42. gxh5 Rxc2 43. Rg1 Bd5 44. Kxf5 Bxf3 45. h6 Be2 46. Rg7+ Kf8 47. Ke6 Bd3 48. Bd6+ 1-0

[Event "Madrid-chT 1415"]
[Site "Madrid"]
[Date "2015.02.01"]
[Round "8.4"]
[White "Gutierrez Castillo, Oscar"]
[Black "Barez Menendez, Hector"]
[Result "1/2-1/2"]
[WhiteElo "2165"]
[BlackElo "2144"]
[PlyCount "119"]
[EventDate "2014.11.23"]
[EventType "team-tourn"]
[EventRounds "14"]
[EventCountry "ESP"]
[SourceTitle "EXT 2016"]
[Source "ChessBase"]
[SourceDate "2015.10.08"]
[SourceVersion "1"]
[SourceVersionDate "2015.10.08"]
[SourceQuality "1"]
[WhiteTeam "Villalba 64"]
[BlackTeam "Pueblo Nuevo"]
[WhiteTeamCountry "ESP"]
[BlackTeamCountry "ESP"]

1. e4 e5 2. d4 exd4 3. Nf3 Nf6 4. Bc4 d5 5. exd5 Bb4+ 6. c3 Qe7+ 7. Be2 dxc3 8. bxc3 Bc5 9. 0-0 0-0 10. Bg5 Bg4 11. Nbd2 Nbd7 12. Bb5 Rad8 13. Re1 Bxf2+ 14. Kxf2 Qc5+ 15. Be3 Qxb5 16. c4 Qa6 17. Qb3 Qd6 18. h3 Bh5 19. Qxb7 Nc5 20. Qxa7 Nd3+ 21. Kg1 Nxe1 22. Rxe1 Rfe8 23. Qd4 Ra8 24. Bf4 Rxe1+ 25. Nxe1 Qe7 26. Nef3 Rxa2 27. g4 Bg6 28. Bg5 h6 29. Bh4 Ra3 30. Qb2 Ra8 31. Qb7 Ra1+ 32. Kf2 Bd3 33. Bxf6 gxf6 34. Qb2 Rd1 35. Qc3 Qe2+ 36. Kg3 Qe3 37. c5 h5 38. Qb4 h4+ 39. Kxh4 Qf2+ 40. Kh5 Bg6+ 41. Kh6 Qe3+ 42. g5 Rb1 43. Nxb1 Qe8 44. c6 Bxb1 45. gxf6 Kh8 46. Kg5 Qg8+ 47. Kf4 Qg6 48. Qd4 Qh6+ 49. Kg3 Qg6+ 50. Qg4 Qxf6 51. Qh4+ Kg7 52. Qxf6+ Kxf6 53. Kf4 Ba2 54. Ke4 Ke7 55. Ke5 f6+ 56. Kd4 Kd6 57. Nd2 Bxd5 58. Ne4+ Kxc6 59. Nxf6 Bf7 60. h4 1/2-1/2

[Event "Madrid-chT 1415"]
[Site "Madrid"]
[Date "2015.01.11"]
[Round "5.1"]
[White "Barez Menendez, Hector"]
[Black "Cobo Diego, Fidel"]
[Result "1/2-1/2"]
[WhiteElo "2144"]
[BlackElo "2035"]
[PlyCount "72"]
[EventDate "2014.11.23"]
[EventType "team-tourn"]
[EventRounds "14"]
[EventCountry "ESP"]
[SourceTitle "EXT 2016"]
[Source "ChessBase"]
[SourceDate "2015.10.08"]
[SourceVersion "1"]
[SourceVersionDate "2015.10.08"]
[SourceQuality "1"]
[WhiteTeam "Pueblo Nuevo"]
[BlackTeam "Moratalaz"]
[WhiteTeamCountry "ESP"]
[BlackTeamCountry "ESP"]

1. Nf3 d5 2. d4 Nf6 3. c4 c6 4. cxd5 cxd5 5. Nc3 Nc6 6. Bf4 a6 7. Rc1 e6 8. e3 Be7 9. h3 0-0 10. Bd3 Bd7 11. 0-0 Qa5 12. Ne5 Rfc8 13. Nxd7 Nxd7 14. Bb1 b5 15. e4 b4 16. Ne2 Na7 17. Qd3 g6 18. exd5 exd5 19. Ng3 Qb5 20. Qf3 Nc6 21. Rcd1 Bf6 22. Be3 Bg7 23. h4 Nf8 24. h5 Ne6 25. hxg6 hxg6 26. Qg4 Ne7 27. Rfe1 Qd7 28. Bg5 Rc6 29. Re2 f5 30. Qh4 Kf7 31. Nf1 Rh8 32. Qg3 Nc8 33. Be3 Qc7 34. Qxc7+ Rxc7 35. f3 Nd6 36. Bf2 Nb5 1/2-1/2

[Event "Madrid-chT 1415"]
[Site "Madrid"]
[Date "2014.12.21"]
[Round "4.1"]
[White "Barez Menendez, Hector"]
[Black "Perez de Aranda, Leonardo Ivan"]
[Result "1-0"]
[WhiteElo "2144"]
[BlackElo "2094"]
[PlyCount "85"]
[EventDate "2014.11.23"]
[EventType "team-tourn"]
[EventRounds "14"]
[EventCountry "ESP"]
[SourceTitle "EXT 2016"]
[Source "ChessBase"]
[SourceDate "2015.10.08"]
[SourceVersion "1"]
[SourceVersionDate "2015.10.08"]
[SourceQuality "1"]
[WhiteTeam "Pueblo Nuevo"]
[BlackTeam "Virgen de Atocha"]
[WhiteTeamCountry "ESP"]
[BlackTeamCountry "ESP"]

1. Nf3 d5 2. d4 Nf6 3. c4 dxc4 4. Qa4+ c6 5. Qxc4 Bf5 6. Nc3 e6 7. g3 Be7 8. Bg2 Nbd7 9. 0-0 0-0 10. e3 Ne4 11. Rd1 Qa5 12. Bd2 Nxd2 13. Rxd2 Rac8 14. a3 b5 15. Qa2 Qb6 16. b4 a5 17. Qb2 Ra8 18. Rc1 axb4 19. axb4 Rfc8 20. Rdd1 Qd8 21. e4 Bg6 22. d5 exd5 23. exd5 c5 24. bxc5 Nxc5 25. Nxb5 Nd3 26. Rxc8 Rxc8 27. Qe2 Qxd5 28. Nfd4 Qe5 29. Qxe5 Nxe5 30. f4 Nc4 31. Bh3 Rc5 32. Re1 Rxb5 33. Nxb5 Bc5+ 34. Kh1 Ne3 35. f5 Bh5 36. Bg2 f6 37. h3 Be8 38. Nc7 Bd7 39. Ne6 Nxg2 40. Kxg2 Bc6+ 41. Kh2 Bb4 42. Rc1 Bd5 43. Rc8+ 1-0

[Event "Madrid Chamartin op 3rd"]
[Site "Madrid"]
[Date "2014.09.13"]
[Round "9"]
[White "Barez Menendez, Hector"]
[Black "Quispe Arteaga, Gabriel"]
[Result "1-0"]
[WhiteElo "2163"]
[BlackElo "1777"]
[PlyCount "87"]
[EventDate "2014.09.07"]
[EventType "swiss"]
[EventRounds "9"]
[EventCountry "ESP"]
[SourceTitle "CBM 162 Extra"]
[Source "ChessBase"]
[SourceDate "2014.10.17"]
[SourceVersion "1"]
[SourceVersionDate "2014.10.17"]
[SourceQuality "1"]

1. Nf3 Nf6 2. c4 e6 3. d4 d5 4. Nc3 c6 5. cxd5 cxd5 6. Bf4 Bd6 7. e3 Bxf4 8. exf4 a6 9. Bd3 Nc6 10. 0-0 0-0 11. Rc1 Bd7 12. a3 b5 13. a4 Nb4 14. Bb1 Rc8 15. axb5 axb5 16. Ne5 Qb6 17. f5 Qd6 18. Nxd7 Qxd7 19. fxe6 Qxe6 20. Nxb5 Qb6 21. Rxc8 Rxc8 22. Nc3 Nc6 23. Qf3 Qxb2 24. Nxd5 Qxd4 25. Nxf6+ Qxf6 26. Qh3 Rd8 27. Qxh7+ Kf8 28. Qh8+ Ke7 29. Re1+ Kd7 30. Qh3+ Kc7 31. Qg3+ Kc8 32. h3 g6 33. Rc1 Rd7 34. Be4 Rc7 35. Qxc7+ Kxc7 36. Rxc6+ Qxc6 37. Bxc6 Kxc6 38. Kh2 Kd5 39. Kg3 Ke6 40. Kg4 f6 41. h4 Kf7 42. h5 gxh5+ 43. Kxh5 f5 44. Kg5 1-0

[Event "Madrid Chamartin op 3rd"]
[Site "Madrid"]
[Date "2014.09.11"]
[Round "6"]
[White "Barez Menendez, Hector"]
[Black "Hernando Pertierra, Jose Carlos"]
[Result "0-1"]
[WhiteElo "2163"]
[BlackElo "2379"]
[PlyCount "58"]
[EventDate "2014.09.07"]
[EventType "swiss"]
[EventRounds "9"]
[EventCountry "ESP"]
[SourceTitle "CBM 162 Extra"]
[Source "ChessBase"]
[SourceDate "2014.10.17"]
[SourceVersion "1"]
[SourceVersionDate "2014.10.17"]
[SourceQuality "1"]

1. d4 b6 2. Nf3 Bb7 3. e3 g6 4. Bd3 Bg7 5. 0-0 d6 6. e4 Nd7 7. c4 e5 8. dxe5 dxe5 9. Bg5 Ngf6 10. Nc3 0-0 11. Nd5 c6 12. Nxf6+ Bxf6 13. Be3 Qe7 14. Qc2 c5 15. a4 Nb8 16. b4 cxb4 17. a5 Nd7 18. axb6 axb6 19. Nd2 Nc5 20. Rxa8 Rxa8 21. Rb1 Bg5 22. Bxg5 Qxg5 23. Bf1 Ra4 24. g3 Qd8 25. Bg2 Qd4 26. h4 Ra1 27. Nf3 Bxe4 28. Nxd4 Rxb1+ 29. Qxb1 Bxb1 0-1

[Event "Madrid-chT 1213 Honor"]
[Site "Madrid"]
[Date "2013.03.03"]
[Round "12.14"]
[White "Pastor Alonso de Prado, Emilio Alberto"]
[Black "Barez Menendez, Hector"]
[Result "1-0"]
[WhiteElo "2143"]
[BlackElo "2163"]
[PlyCount "59"]
[EventDate "2012.11.18"]
[EventType "team"]
[EventRounds "14"]
[EventCountry "ESP"]
[SourceTitle "EXT 2014"]
[Source "ChessBase"]
[SourceDate "2013.11.20"]
[SourceVersion "1"]
[SourceVersionDate "2013.11.20"]
[SourceQuality "1"]
[WhiteTeam "Collado Villalba"]
[BlackTeam "Pueblo Nuevo"]
[WhiteTeamCountry "ESP"]
[BlackTeamCountry "ESP"]

1. e4 e5 2. Nf3 Nf6 3. Nxe5 d6 4. Nf3 Nxe4 5. Nc3 Nxc3 6. dxc3 Be7 7. Bf4 Nc6 8. Qd2 Bg4 9. Bb5 a6 10. Bxc6+ bxc6 11. Nd4 Bd7 12. g4 c5 13. Nf5 Bxf5 14. gxf5 0-0 15. 0-0-0 Qd7 16. Bg5 Bxg5 17. Qxg5 f6 18. Qg4 Rae8 19. Rhg1 Rf7 20. f4 Qa4 21. Rde1 Rxe1+ 22. Rxe1 Qxa2 23. Qf3 Qc4 24. b3 Qb5 25. Qa8+ Rf8 26. Qd5+ Kh8 27. Re7 Qf1+ 28. Kb2 Qxf4 29. Qf7 Rg8 30. Re8 1-0

[Event "Madrid-chT 1213 Honor"]
[Site "Madrid"]
[Date "2013.02.17"]
[Round "10.14"]
[White "Martinez Lozano, Miguel Angel"]
[Black "Barez Menendez, Hector"]
[Result "1-0"]
[WhiteElo "2230"]
[BlackElo "2163"]
[PlyCount "109"]
[EventDate "2012.11.18"]
[EventType "team"]
[EventRounds "14"]
[EventCountry "ESP"]
[SourceTitle "EXT 2014"]
[Source "ChessBase"]
[SourceDate "2013.11.20"]
[SourceVersion "1"]
[SourceVersionDate "2013.11.20"]
[SourceQuality "1"]
[WhiteTeam "Blanco y Negro"]
[BlackTeam "Pueblo Nuevo"]
[WhiteTeamCountry "ESP"]
[BlackTeamCountry "ESP"]

1. e4 e5 2. Nf3 Nf6 3. Nc3 Nc6 4. Bb5 Bb4 5. 0-0 0-0 6. Re1 d6 7. a3 Bxc3 8. dxc3 Ne7 9. Bd3 Ng6 10. c4 h6 11. Nd2 Bg4 12. Be2 Be6 13. Bf3 Nh4 14. Be2 Ng6 15. g3 Qd7 16. Bf3 Nh7 17. Bg2 Bg4 18. Nf3 Rad8 19. Be3 b6 20. Qd3 f5 21. exf5 Bxf5 22. Qc3 Bh3 23. Bh1 Nf6 24. Nd2 Qf5 25. Qd3 Qh5 26. Bg2 Bf5 27. Ne4 Ng4 28. h3 Nxe3 29. Rxe3 Bxe4 30. Qxe4 Qf5 31. Qd5+ Qf7 32. Qd2 Ne7 33. b3 Kh8 34. Bd5 Qh5 35. Bg2 Qg5 36. h4 Qf6 37. Rd1 Nf5 38. Rf3 Qg6 39. Qd3 Ne7 40. Rxf8+ Rxf8 41. Be4 Qf6 42. Rd2 Qe6 43. b4 Nf5 44. c5 bxc5 45. bxc5 dxc5 46. Bxf5 Rxf5 47. Qd8+ Kh7 48. Qxc7 Rf7 49. Qxc5 e4 50. Re2 Qf5 51. Qe3 Rc7 52. Qxe4 Qxe4 53. Rxe4 Rxc2 54. Re7 a5 55. Re5 1-0